000 01819cam a22005174i 4500
003 PE-LiUPU
005 20250731173352.0
008 150706s r 000 0 d
020 _a9789586696203
035 _a(Sirsi) i9789586696203
040 _aPE-LiUPU
_bspa
_cPE-LiUPU
_erda
049 _aPRUA
082 0 4 _a232.90437
_bM38
_221
100 1 _aMeier, Celito,
_eautor.
245 1 3 _aLa educación a la luz de la pedagogía de Jesús de Nazaret /
_cCelito Meier.
264 1 _aBogotá :
_bPaulinas,
_c2009.
300 _a153 páginas ;
_c21 centímetros
336 _atext
_2rdacontent
337 _aunmediated
_2rdamedia
338 _avolume
_2rdacarrier
490 0 _aNuevas tendencias
504 _aBibliografía al final del texto.
505 0 _aLa experiencia fundante -- La pedagogía del Maestro -- Singularidad del cristianismo -- Cristianismo y educación ética -- .
526 _aSEG42
526 _aSEG41
526 _aSEG40
526 _aSEG39
526 _aP94
526 _aP87
526 _aP86
526 _aP85
526 _aP77
526 _aP76
526 _aP35
541 _g007-0020801;
600 1 _aJesucristo
_xPedagogía
_94663
650 0 4 _aCristianismo
_vMeditaciones.
650 0 4 _aEducación cristiana .
650 0 4 _aTeología pastoral.
_91381
910 _bjv
_cng
_d20100621
942 _2ddc
_cBOOK
949 _a232.90437 M38
_wDEWEY
_c1
_i61910
_lCCODEBUL1
_mBUL
_p7.00
_r0
_sY
_tBOOK
_u2015-7-6
_xTEOLOGIA
_PP35
_0COMPRA
_o.STAFF. Colección General
994 _aC0
_bPEPRU
596 _a1
999 _a232.90437 M38
_wDEWEY
_c51019
_i61910
_f2021-11-10
_g5
_lCCODEBUL1
_mBUL
_p7.00
_r0
_sY
_tBOOK
_u2015-7-6
_xTEOLOGIA
_PP35
_0COMPRA
_o.STAFF. Colección General
_d51019
980 _81
_gALBERTO SANCHEZ Responsable de Automatización